000 00988cab a2200265 4500
001 ABS60095
008 090401t1999 xxu||||| |||| 00| 0 eng d
035 _a(Sirsi) u91280
041 _aeng
100 _aHoward, C.A.
245 _aWall dampness diagnosis - let`s get it right
260 _c1999
350 _a0
490 _aBuilding Engineer
_v74(1) January/February 1999, 12-20(9)
520 _aReviews the symptoms and sources of dampness in dwellings, the concept of equilibrium moisture content of building materials and methods of measuring the moisture content of building materials. Describes the technique developed by the BRE for diagnosing rising damp in walls. (Taken from journal abstract). References.
650 _aCASE STUDIES
650 _aDAMPNESS
650 _aDIAGNOSIS
650 _aMeasurement
_96256
650 _aRISING DAMP
690 _aBUILT ENVIRONMENT-BUILDING PATHOLOGY
700 _aCheetham, D.W.
942 _n0
948 _c12/02/1999
999 _c57928
_d57928